| 000 | 00580nam a22001815i 4500 | ||
|---|---|---|---|
| 001 | 53933 | ||
| 003 | ES-MaACL | ||
| 005 | 20230906162845.0 | ||
| 007 | t| | ||
| 008 | 960705s1871 sp ||||1| spa d | ||
| 100 | 1 |
_aFernández de Ribera, Rodrigo. _949710 |
|
| 245 | 1 | 0 | _aCarta de Rodrigo Fernández de Rivera... escrita a un amigo suyo, consolándole en la muerte de su padre. |
| 250 | _a2ª ed. | ||
| 260 |
_aMadrid : _b[s.n.], _c1871 ( _fImp. y Estereotipia de M. Rivadeneyra) |
||
| 300 |
_a49 p. ; _c24 cm. |
||
| 852 | 4 |
_aES-MaACL _jT-205-F-4 |
|
| 852 | 4 |
_aES-MaACL _jT-120-F-7 |
|
| 999 |
_c53933 _d53933 |
||